000 00342nam a2200145Ia 4500
005 20251222140055.0
008 251222s1900||||xx |||||||||||||| ||spa||
020 _a9681662377
082 _a142.78/J25/Ej.2
100 _aJaspers, Karl
245 0 _aLa Filosofía:
250 _a2a.ed.
264 _bFondo de Cultura Económica
942 _cLIB
999 _c3751
_d3751